000
00339pab a2200145 454500
008
180718b1985 xxu||||| |||| 00| 0 eng d
100
_a
O'Higgins, Michael
245
_a
The public spending lydra
260
_c
1985
300
_a
171-3
362
_a
31 Jan.
650
_a
Expenditures, Government
773
_a
New Society
909
_a
7935
999
_c
7935
_d
7935